<?xml version="1.0" encoding="UTF-8"?>
<record
    xmlns:xsi="http://www.w3.org/2001/XMLSchema-instance"
    xsi:schemaLocation="http://www.loc.gov/MARC21/slim http://www.loc.gov/standards/marcxml/schema/MARC21slim.xsd"
    xmlns="http://www.loc.gov/MARC21/slim">

  <leader>00546nam a2200169 a 4500</leader>
  <controlfield tag="001">5880</controlfield>
  <controlfield tag="003">CDMR</controlfield>
  <controlfield tag="005">20130620140425.0</controlfield>
  <controlfield tag="008">130220s1999||||||||||||||||||||||||||||d</controlfield>
  <datafield tag="040" ind1=" " ind2=" ">
    <subfield code="a">CDMR</subfield>
    <subfield code="b">cat</subfield>
    <subfield code="c">CDMR</subfield>
  </datafield>
  <datafield tag="245" ind1=" " ind2="0">
    <subfield code="a">C&#xF3;mo tratar bien a los malos tratos</subfield>
    <subfield code="b">: manual de estilo para los medios de comunicaci&#xF3;n</subfield>
  </datafield>
  <datafield tag="260" ind1=" " ind2=" ">
    <subfield code="a">Sevilla</subfield>
    <subfield code="b">Instituto Andaluz de la Mujer</subfield>
    <subfield code="c">1999</subfield>
  </datafield>
  <datafield tag="300" ind1=" " ind2=" ">
    <subfield code="a">64 p ;</subfield>
    <subfield code="c">17 cm</subfield>
  </datafield>
  <datafield tag="650" ind1="0" ind2="4">
    <subfield code="9">3086</subfield>
    <subfield code="a">Periodisme</subfield>
    <subfield code="x">Manuals d'estil</subfield>
  </datafield>
  <datafield tag="650" ind1="0" ind2="4">
    <subfield code="9">2772</subfield>
    <subfield code="a">Viol&#xE8;ncia en els mitjans de comunicaci&#xF3; de massa</subfield>
  </datafield>
  <datafield tag="942" ind1=" " ind2=" ">
    <subfield code="c">MON</subfield>
    <subfield code="2">udc</subfield>
  </datafield>
  <datafield tag="999" ind1=" " ind2=" ">
    <subfield code="c">5880</subfield>
    <subfield code="d">5880</subfield>
  </datafield>
  <datafield tag="952" ind1=" " ind2=" ">
    <subfield code="0">0</subfield>
    <subfield code="1">0</subfield>
    <subfield code="4">0</subfield>
    <subfield code="7">0</subfield>
    <subfield code="a">CDMR</subfield>
    <subfield code="b">CDMR</subfield>
    <subfield code="d">2013-02-20</subfield>
    <subfield code="l">1</subfield>
    <subfield code="o">Ci 1.1 /2</subfield>
    <subfield code="p">CDMR131100278</subfield>
    <subfield code="r">2020-11-06</subfield>
    <subfield code="s">2020-11-06</subfield>
    <subfield code="w">2013-02-20</subfield>
    <subfield code="y">MON</subfield>
  </datafield>
</record>
